Empty Nest (Record no. 232681)

MARC details
000 -LEADER
fixed length control field 01577nam a22002057a 4500
005 - DATE AND TIME OF LATEST TRANSACTION
control field 20250506112206.0
008 - FIXED-LENGTH DATA ELEMENTS--GENERAL INFORMATION
fixed length control field 241212b ||||| |||| 00| 0 eng d
020 ## - INTERNATIONAL STANDARD BOOK NUMBER
International Standard Book Number 9780749953867
040 ## - CATALOGING SOURCE
Transcribing agency AL
041 ## - LANGUAGE CODE
Language code of text/sound track or separate title English
082 ## - DEWEY DECIMAL CLASSIFICATION NUMBER
Edition number 23
Classification number 306
Item number DODE
100 ## - MAIN ENTRY--PERSONAL NAME
Personal name Celia Dodd
100 ## - MAIN ENTRY--PERSONAL NAME
9 (RLIN) 209429
245 ## - TITLE STATEMENT
Title Empty Nest
Remainder of title :Your Changing family your New Direction
260 ## - PUBLICATION, DISTRIBUTION, ETC.
Place of publication, distribution, etc. London
Name of publisher, distributor, etc. Little Brown Book Group
Date of publication, distribution, etc. 2020
300 ## - PHYSICAL DESCRIPTION
Extent 248 p.
Other physical details PB
Dimensions 13x15 cm.
365 ## - TRADE PRICE
Price type code IN-49116
Price amount ₹2260.00
Currency code
Unit of pricing 1444.41
Price effective from 14-11-2024
520 ## - SUMMARY, ETC.
Summary, etc. More than half a million parents confront the empty nest for the first time each year. It is one of the most challenging phases of parenting, often creating feelings of loss, lack of purpose and crisis of identity which can lead to depression. Yet it receives little recognition. And contrary to popular opinion it doesn't only affect women who've put their careers on hold: working mothers and fathers suffer too. Equally, it can be a period of liberation and discovery of new challenges, when marriages long overstressed by childcare can be rejuvenated.<br/><br/>The Empty Nest includes case studies documenting a wide range of experiences of parents living through an empty nest; expert comment and advice; plenty of practical ideas, inspiration and tips. This encouraging, empowering books helps you to focus on the positive as well as how to handle the changing relationship with your children to ensure a fulfilling and good relationship going forward, an area of parenting often ignored.
650 ## - SUBJECT ADDED ENTRY--TOPICAL TERM
Topical term or geographic name entry element Family & Relationships
9 (RLIN) 190237
942 ## - ADDED ENTRY ELEMENTS (KOHA)
Source of classification or shelving scheme Dewey Decimal Classification
Koha item type Book
Holdings
Withdrawn status Lost status Source of classification or shelving scheme Damaged status Not for loan Collection code Home library Current library Date acquired Source of acquisition Cost, normal purchase price Total Checkouts Full call number Barcode Date last seen Cost, replacement price Price effective from Koha item type
    Dewey Decimal Classification     Social Work St Aloysius Library St Aloysius Library 12/12/2024 amazon.in 1444.41   306 DODE 077426 12/12/2024 1444.41 12/12/2024 Book